Estatísticas para Quiz da China

Clique aqui para jogar o quiz

Estatísticas Gerais

  • Esse quiz foi jogado 2 917 vezes
  • A pontuação média é 11 de 27

Estatísticas das Respostas

DicaResposta% Correto
Qual é a capital da China?Pequim
95%
Branch of the Chinese language #1Mandarim
88%
Qual antiga colônia Britânica foi dada de volta para a China em 1997?Hong Kong
79%
Que animal mitológico é usado para representar a China?Dragão
76%
Qual antiga colônia Portuguesa foi dada de volta para a China em 1999?Macau
72%
Qual foi o primeiro líder da China comunista?Mao Tsé-Tung
65%
Qual é o nome official da China em Português?{República} {Popular}
da China
59%
Qual é o animal nacional da China?Panda-gigante
56%
Qual é a montanha mais alta da China?Monte Everest
44%
Quais são os rios mais longos da China?Amarelo
41%
Quais são as "Quatro Grande Invenções" da China antiga?Pólvora
39%
Qual país a China anexou em 1950?Tibete
39%
Existem doze animais no Horóscopo chinês. Qual deles é o primeiro?Rato
36%
Branch of the Chinese language #3Yue / Cantonês
35%
Qual é o maior deserto da China?Gobi
34%
Quais são as "Quatro Grande Invenções" da China antiga?A produção de papel
33%
Quem é o filósofo mais influente na China antiga?Confúcio
33%
Qual é o nome do palácio imperial onde o imperador da China viveu?Cidade {Proibida}
32%
Qual é a moeda official da China?Renminbi
32%
Qual praça foi conhecida por protestos democráticos, e um massacre em 1989?Praça {Tiananmen}
24%
Qual religião / tradição filosófica segue os ensinamentos de Lao Zi?Taoismo
24%
Qual é o nome informal da parte do extremo nordeste da China?Manchúria
23%
Quais são as "Quatro Grande Invenções" da China antiga?Bússola
18%
Quais são os rios mais longos da China?Yangtzé
18%
Branch of the Chinese language #2Wu
15%
Qual é a maior ilha da China?Hainan
10%
Quais são as "Quatro Grande Invenções" da China antiga?Impressão
8%

Distribuição das Pontuações

Percentil de Números Respondidos

Porcentagem de Pessoas com Cada Pontuação

Sua Pontuação Histórica

Você não jogou esse quiz